1381 1532 1655 1294 1027 1134 1508 1109 1231 1035 1200 1067 1143 1085 1606 1937 1502 1927 1633 1036 1101 1084 1855 1002 1897 1885 1252 1618 1745 1612 1455 1337 1016 1112 1485 1309 1319 1196 1588 1260 1237 1581 1096 1884 1903 1192 1043 1314 1794 1710 1576 1866 1413 1069 1260 1485 1475 1987 1265 1414 1365 1526 1135 1469 1267 1208 1199 1739 1136 1614 1138 1894 1164 1185 1750 1598 1204 1524 1964 1269 1173 1074 1551 1985 1621 1083 1697 1372 1858 1290 1157 1724 1011 1702 1241 1206 1448 1786 1092 BCNSPRNW ULIB Ver.6.0+V

เปลี่ยนเป็นภาษาไทย

Change to English
 แสดงรายละเอียดบรรณานุกรม
  กลับหน้าหลัก

Brief Record : Get Marc (ISO 2709) : E-mail record : QR code < ปิดหน้าต่าง
LEADER : 00000nam 2200000uu 4500
001    13399121893
003     ULIB
008    121213s2551||||th 000 0 tha d
020    ^a9789740409182
050    ^aWF300^bฉ251H
100    ^aฉันชาย สิทธิพันธุ์.
245    ^aโล่งอกกับปอดสุขภาพดี =^bHealthy lung /^cฉันชาย สิทธิพันธุ์.
260    ^aกรุงเทพฯ :^bเอ เอ เปเปอร์ แอนด์ สเตชั่นเนอรี่,^c2551
300    ^a119 หน้า
650    ^aปอด^xโรค.
650    ^aระบบหายใจ^xโรค
945    ^p190^l0^i15252
999    ^aกัณชพร
รายการนี้ยังไม่มีแท็ก
คุณยังไม่ได้ล็อกอิน คุณสามารถมีกิจกรรมร่วมกับเว็บไซต์ได้ แต่ต้องล็อกอินก่อน ::
  ล็อกอิน

รายการสื่อสารสนเทศ

ลำดับที่ ประเภท เลขเรียก/บาร์โค้ด สถานที่ สถานะ
1. วิทยาศาสตร์การแพทย์ และสุขภาพ
วิทยาศาสตร์การแพทย์ และสุขภาพ
WF300 ฉ251H  
  Barcode: 15252
ห้องสมุดวิทยาเขตสวรรค์ประชารักษ์
►ส่วนจัดเก็บหนังสือเก่า สปร
บนชั้น
  ขอยืม

รายการใกล้เคียง
    ผู้แต่ง [ฉันชาย สิทธิพันธุ์.]

BibComment


ยังไม่เคยถูกคอมเมนท์

คอมเมนท์ทรัพยากรรายการนี้
  คอมเมนท์: โล่งอกกับปอดสุขภ..


 Copyright 2026. Bcnsprnw @Library